Fundamentals of engineering thermodynamics (Record no. 1019)

MARC details
000 -LEADER
Fixed length control field 00500nam a2200181 4500
003 - CONTROL NUMBER IDENTIFIER
Control field SEACOMEC
005 - DATE AND TIME OF LATEST TRANSACTION
Control field 20240506134903.0
008 - FIXED-LENGTH DATA ELEMENTS--GENERAL INFORMATION
Fixed length control field 240506b |||||||| |||| 00| 0 eng d
020 ## - INTERNATIONAL STANDARD BOOK NUMBER / ISBN
International Standard Book Number 9971512998
Price Rs.454.00
040 ## - CATALOGING SOURCE
Original cataloging agency SEACOMEC
082 ## - DEWEY DECIMAL CLASSIFICATION NUMBER
Classification number 621.4021
Book Number M829
100 ## - MAIN ENTRY--PERSONAL NAME
Personal name :Moran, Michael
245 1# - TITLE STATEMENT
Title Fundamentals of engineering thermodynamics
Statement of responsibility Michael J. Moran, Howard N. Shapiro
250 ## - EDITION STATEMENT
Edition statement 4th ed.
260 ## - IMPRINT
Place of publication Singapore
Name of publisher John Wiley
Date of publication 2004
650 ## - SUBJECT ADDED ENTRY--TOPICAL TERM
Topical term Thermodynamics
942 ## - ADDED ENTRY ELEMENTS (KOHA)
Koha item type Books
Holdings
Withdrawn status Lost status Source of classification Damaged status Not for loan Home library Current library Date acquired Total Checkouts Call number Accession number Date last seen Price effective from Koha item type Copy number
    Dewey Decimal Classification     SEACOM ENGINEERING COLLEGE SEACOM ENGINEERING COLLEGE 05/09/2007   621.4021 M829 8448 06/05/2024 06/05/2024 Books  
    Dewey Decimal Classification     SEACOM ENGINEERING COLLEGE SEACOM ENGINEERING COLLEGE 05/09/2007   621.4021 M829 8449 06/05/2024 06/05/2024 Books 1
    Dewey Decimal Classification     SEACOM ENGINEERING COLLEGE SEACOM ENGINEERING COLLEGE 05/09/2007   621.4021 M829 8450 06/05/2024 06/05/2024 Books 2
    Dewey Decimal Classification     SEACOM ENGINEERING COLLEGE SEACOM ENGINEERING COLLEGE 05/09/2007   621.4021 M829 8451 06/05/2024 06/05/2024 Books 3
    Dewey Decimal Classification     SEACOM ENGINEERING COLLEGE SEACOM ENGINEERING COLLEGE 05/09/2007   621.4021 M829 8452 06/05/2024 06/05/2024 Books 4
© Seacom Engineering College, All rights reserved.      Powered by Koha